000 00635nas a2200229 4500
001 BR9900918
003 BR-BrBNA
005 20231205101251.0
007 ta
008 230509b bl.|||p| |||| 00| 00por d
040 _aBR-BrBNA
_bpor
_cBiblioteca Nacional de Agricultura
041 _a(Pt)
072 _aL02
100 1 _aMachado, P.F.
245 1 _aNutricao de doadoras e receptoras
650 _aVaca
650 _aNutriente
650 _aNutricao Animal
773 0 _tARS Veterinaria (Brazil)
_xISSN 0102-6380
_g(Aug 1995), v. 11(2) p. 50-54
_wBR9900918
909 _a202311
_bLúcia
_c55
_dLúcia Elande
942 _2AGRIS
_n0
_cANA
999 _c160790
_d160790